000 00597nam a2200205Ia 4500
005 20250923145048.0
008 008 250917s9999 xx 000 0 eng d
037 _aTextual
040 _aDSWL
_beng
_cDSWL
041 _aeng
_2eng
084 _aY73(Q7).7:744'No6<-M58, N65
_qDSWL
100 _aJain, M.S.
_9831396
245 4 _aThe Aligarh movement
_cby M.S. Jain
260 _aAgra
_bSri Ram Mehra & Co.
_c1965
300 _a44p.
365 _aINR
_b20.00
925 _g20.00
942 _cTEXL
_hY73(Q7).7:744'No6<-M58, N65
999 _c1446620
_d1446620